La edad del pavo : 12 cuentos /

Guardado en:
Autor Principal: Bornemann, Elsa Isabel
Otros Autores: Nine, Carlos, il.
Formato: Libro
Publicado: Buenos Aires : Alfaguara, 1990
Materias:
Etiquetas: Agregar Etiqueta
Sin Etiquetas, Sea el primero en etiquetar este registro!
LEADER 01021nam a22002415a 4500
001 CEM.cems007523
008 130507s1990##################000#0#####d
005 20231010092107.0
245 1 0 |a La edad del pavo :  |b 12 cuentos /  |c Elsa Bornemann ; ilustraciones de Carlos Nine 
260 |a Buenos Aires :  |b Alfaguara,  |c 1990 
300 |a 119 p. 
505 0 |a La edad del pavo -- El besuqueador -- Kikirikí -- Dicen que dicen -- Juansadas -- Un amor disparatado -- El nadador -- La caridad no usa botones -- El compañero automático -- La tierra, nuestra casa -- Cuento con usted -- Por ejemplo, Cristóbal 
020 |a 9505110774 
100 1 |a Bornemann, Elsa Isabel 
700 1 |a Nine, Carlos, il. 
082 0 4 |a A868.4 
653 |a Literatura 
653 |a Literatura argentina-siglo 20 
653 |a Literatura juvenil 
653 |a Cuentos 
653 |a Cuentos argentinos 
859 |a CEMS  |b BIB. CEMS - Inicial y Primaria  |h A868.4  |i B645-1  |k IP  |p 2532  |t Ej.1 
859 |a CEMS  |b BIB. CEMS - 11 de abril  |h A868.4  |i B645-2  |p 17559.94  |t Ej.1